Größte Städte Nach Asiatisches Land - Statistiken

Allgemein
  • Dieses Quiz wurde 69 mal gespielt
  • Das Durchschnittsergebnis liegt bei 10 aus 20
Antwortstatistiken
Land Population Stadt % Korrekt
China 21.1M Peking
100%
Japan 37.2M Tokio
95%
China 24.8M Shanghai
91%
Indien 20.9M Mumbai
86%
Indien 32.0M Delhi
83%
Japan 19.3M Osaka
74%
China 18.8M Guangzhou
64%
Pakistan 11.1M Lahore
50%
Indien 11.6M Chennai
43%
Pakistan 14.9M Karachi
40%
Indien 13.1M Bangalore
38%
Japan 9.3M Nagoya
36%
Japan 2.6M Sapporo
36%
Indien 15.1M Kolkata
34%
China 17.6M Shenzhen
33%
China 15.0M Chengdu
28%
Japan 5.5M Fukuoka
26%
Pakistan 2.1M Rawalpindi
17%
Pakistan 3.2M Faisalabad
12%
Pakistan 2.0M Peshawar
9%
Keine übereinstimmenden Quizze gefunden
Verteilung der Resultate
Anzahl Personen mit jedem Resultat
Perzentil nach korrekt beantworteten Fragen
Ihre Resultats-Entwicklung
Sie haben dieses Quiz noch nicht gespielt